Estudos Contemporńeos de Bioťica e Biodireito

Bibliographic Details
Main Author: Pinha Alonso, Ricardo
Other Authors: Kazmierczak, Luiz Fernando
Format: eBook
Language:Portuguese
Published: San Pablo: Letras Jurídicas Editora, 2013
Subjects:
Online Access:Acceso restringido

MARC

LEADER 00000nam a22000007a 4500
005 20201231213013.0
007 cr|||| ||||
008 201231s2013 br |||||s|||| 00||0 por d
020 |a 978-85-8248-035-9 
035 |a 32490 
040 |a vLex 
090 |c 11040  |d 11040 
100 1 |a Pinha Alonso, Ricardo 
245 1 0 |a Estudos Contemporńeos de Bioťica e Biodireito  |h [Recurso electrn̤ico] /  |c Ricardo Pinha Alonso 
256 |a Servicio en ln̕ea 
260 |a San Pablo:  |b Letras Jurídicas Editora,  |c 2013 
300 |a 1 recurso electrn̤ico 
506 1 |a Disponible solo en los productos indicados  |d vLex Global  |d vLex Global (Academic Edition, excluding Law Schools)  |d vLex Global (U.S. Academic Edition, Law Schools)  |d vLex Global (U.S. Academic Edition, excluding Law Schools)  |d vLex Global (Academic Edition, Law Schools) 
650 0 4 |a Derecho Pb︢lico y Administrativo  |z Brasil 
650 0 4 |a Biologa̕ y biotecnologa̕  |z Brasil 
700 1 |a Kazmierczak, Luiz Fernando 
740 0 |a vLex Libros (Servicio en ln̕ea) 
856 4 0 |u http://vlex.com/source/estudos-contempor-neos-de-bioetica-e-biodireito-32490  |z Acceso restringido 
942 |c BOOK 
999 0 |a Public and Administrative Law 
999 0 |a Biology and biotechnology